000 01003nam a2200289 a 4500
001 2885660
003 ARRUPE
005 20140130140443.0
008 860520s1986 onca b 000 0 eng
010 _a 86161707
020 _a2890882551 (pbk.)
040 _aDLC
_cDLC
_dDLC
043 _an-cn---
050 0 0 _aBX1795.E27
_bD4 1986
082 0 0 _a261.8
_219
100 1 _aDe Roo, Remi J.
_97355
245 1 0 _aCries of victims, voice of God /
_cRemi J. De Roo ; foreword by Thomas R. Berger ; edited by Bede Hubbard.
260 _aOttawa :
_bNovalis ;
_aToronto :
_bJ. Lorimer,
_c1986.
300 _a172 p. :
_bill. ;
_c21 cm.
610 2 0 _aCatholic Church
_zCanada.
_97356
650 0 _aEconomics
_xReligious aspects
_xCatholic Church.
_97357
650 0 _aChurch and social problems
_xCatholic Church.
_97358
650 0 _aChurch and social problems
_zCanada.
_97359
651 0 _aCanada
_xSocial conditions.
_97360
906 _a7
_bcbc
_corignew
_d3
_encip
_f19
_gy-gencatlg
942 _2lcc
_cMONOGRAPH
999 _c119783
_d119783